000
00287nam a2200109Ia 4500
008
190914s9999||||xx |||||||||||||| ||und||
100
_a
Michael V. Manning
245
0
_a
Database Design Application Development
260
_a
New Jersey
_b
Willey Student
_c
1996
300
_a
400
942
_c
BK
999
_c
9505
_d
9505